【乃木坂46】「クイズ!ここが変だよ 増田三莉音」の回答 - Statistics

General Stats
  • This quiz has been taken 12 times
  • The average score is 4 of 7
Answer Stats
問題文 増田三莉音の答え % Correct
大きい動物と言えば? 海坊主
90%
ラケットボールリフティングの回数 1回
90%
乃木坂工事中でこれだけはやりたくないもの 熱湯風呂
80%
「私も大人になったなぁ」と思った瞬間 おっとっとの形を見ずに食べるようになってしまった時
30%
速い乗り物と言えば? スクーター
30%
ヤカンでモノボケをしたとき、ヤカンを何に見立てた?
30%
誰にも理解されない私だけが好きなこと 肉じゃがが冷えて固まったあとの油を見る
20%
No matching quizzes found
Score Distribution
Percent of People with Each Score
Percentile by Number Answered
Your Score History
You have not taken this quiz